000 00670cam a22002054a 4500
005 20250605164145.0
008 250528s ||||||||||||||||||||||||d
035 _a19131
020 _a3700232
040 _aGR-AtMCL
_bgre
_dGR-AtMCL
_eAACR2
245 1 _aCollins Cobuild English Language Dictionary
250 _a1st
260 _bHarper Collins Publishers,
_c1987
300 _a1704
520 _aThis major new dictionary has been specially developed to help students and teachers of English. It is based on a detailed analysis of how today's English is really used.
700 1 _aCollins Cobuild
_95379
942 _cBK
999 _c4409
_d4409